| 000 | 00465nam a22001577a 4500 | ||
|---|---|---|---|
| 008 | 100325s2009 ii|||||r|||| 000 0 eng d | ||
| 020 | _a9788184315592 | ||
| 082 |
_222 _a005.1 _bPUN |
||
| 100 |
_913035 _aPuntambekar, Anuradha A. |
||
| 245 |
_aSoftware Engineering/ _cAnuradha A. Puntambekar |
||
| 250 | _a3rd ed & rev. | ||
| 260 |
_aPune: _bTechnical pub., 2009 _c2009 |
||
| 300 |
_a1 v.: _bill.; _c24 cm. |
||
| 650 |
_912915 _aSoftware Engineering. |
||
| 942 |
_2ddc _cBB |
||
| 999 |
_c13778 _d13778 |
||